Library of the University of Algiers 3
Ibrahim Sultan Cheibout
شعار جامعة الجزائر 3
مكتبة جامعة الجزائر 3
إبراهيم سلطان شيبوط

محددات النمو الإقتصادي : (رقم التسجيلة. 45428)

تفاصيل مارك
000 -LEADER
fixed length control field 00894nam a2200217Ia 4500
003 - CONTROL NUMBER IDENTIFIER
control field Ost
005 - DATE AND TIME OF LATEST TRANSACTION
control field 20260507075642.0
008 - FIXED-LENGTH DATA ELEMENTS--GENERAL INFORMATION
fixed length control field 260507s9999||||xx |||||||||||||| ||und||
040 ## - CATALOGING SOURCE
Transcribing agency fsecg
041 ## - LANGUAGE CODE
Language code of text/sound track or separate title ara
082 ## - DEWEY DECIMAL CLASSIFICATION NUMBER
Classification number 338.9
100 ## - MAIN ENTRY--PERSONAL NAME
Personal name بارو، روبرت ج
Relator term مؤلف
245 #0 - TITLE STATEMENT
Title محددات النمو الإقتصادي :
Remainder of title دراسة تجريبية عبر البلدان /
Statement of responsibility, etc. روبرت ج بارو
260 ## - PUBLICATION, DISTRIBUTION, ETC.
Place of publication, distribution, etc. عمان:
Name of publisher, distributor, etc. دار الكتاب الحديث,
Date of publication, distribution, etc. 1998
300 ## - PHYSICAL DESCRIPTION
Extent 131 صفحة؛
Other physical details إيضاحات ؛
Dimensions 24 سم
520 ## - SUMMARY, ETC.
Summary, etc. النمو الإقتصادي والتقارب ، التفاعل بين التطور الإقتصادي والسياسي، التضخم والنمو
653 ## - INDEX TERM--UNCONTROLLED
Uncontrolled term التطور الاقتصادي
653 ## - INDEX TERM--UNCONTROLLED
Uncontrolled term التنمية الإقتصادية
700 ## - ADDED ENTRY--PERSONAL NAME
Personal name التل، نادر ادريس
Relator term مؤلف ثانوي
942 ## - ADDED ENTRY ELEMENTS (KOHA)
Koha item type كتب
المقتنيات
Withdrawn status Lost status Source of classification or shelving scheme Damaged status Not for loan Home library Current library Date acquired Serial enumeration / chronology Inventory number Total checkouts Full call number Barcode Date last seen Price effective from Koha item type
    Dewey Decimal Classification   NOT LOAN / إعارة داخلية مكتبة كلية العلوم الإقتصادية والعلوم التجارية وعلوم التسيير مكتبة كلية العلوم الإقتصادية والعلوم التجارية وعلوم التسيير 07/05/2026 الطابق الأرضي 944/1   أ/944ن1 944/1 07/05/2026 07/05/2026 كتب

موارد الويب المفتوحة


© University of Algiers 3 All Rights Reserved
|
Implemented by LECHELAH Riad